| 000 | 00689nam a2200217Ia 4500 | ||
|---|---|---|---|
| 999 |
_c3514 _d3514 |
||
| 008 | 251202t2012||||xxka|||gd|||||||| ||und|| | ||
| 020 |
_a9780521168243 _c£ 28.00 |
||
| 040 |
_aKO _beng |
||
| 041 | 0 | _aeng | |
| 044 | _axxk | ||
| 082 | 0 | 4 |
_a330.9402 _bP257 _223 |
| 100 | 1 | _aParthasarathi, Prasannan | |
| 245 | 1 | 0 |
_aWhy Europe grew rich and Asia did not : _bglobal economic divergence, 1600-1850 / _cPrasannan Parthasarathi |
| 260 |
_aUK : _bCambridge university press, _c2012 |
||
| 300 |
_axiv, 365 p. _b : ill; _c; 23 cm. |
||
| 650 | 0 |
_aEconomic development _zEurope _vTextbooks |
|
| 650 | 0 |
_aEconomic development _zAsia _vTextbooks |
|
| 904 | _aA_BOSE | ||
| 942 |
_cBK _2ddc |
||